|
|
|
|
| LEADER |
00000nam0a2200000 4500 |
| 001 |
190526 |
| 005 |
20231101224305.0 |
| 010 |
|
|
|a 9785222177150
|
| 035 |
|
|
|a (RuTPU)RU\TPU\book\207589
|
| 090 |
|
|
|a 190526
|
| 100 |
|
|
|a 20110124d2011 km y0rusy50 ca
|
| 101 |
0 |
|
|a rus
|
| 102 |
|
|
|a RU
|
| 105 |
|
|
|a a z 000zb
|
| 200 |
1 |
|
|a Дмитрий Донской
|f С. С. Ахматнуров
|
| 210 |
|
|
|a Ростов-на-Дону
|c Феникс
|d 2011
|
| 215 |
|
|
|a 270 с.
|c ил.
|
| 225 |
1 |
|
|a Наша история
|
| 330 |
|
|
|a Дмитрий Донской — кто он? Герой, стоявший у истоков освобождения от ордынского ига, или «татарский приспешник»? Почему так противоречивы оценки деяний великого князя? Почему православная Церковь только в наше время причислила его к лику святых? Как бы сложилась судьба России, если бы Дмитрий Иванович избрал путь, по которому пошли Литва и Польское королевство? На эти и другие вопросы читатель найдет ответы, переживая вместе с героями книги события в Москве и Орде периода «великой ордынской замятии» 1359-1380 гг. Книга написана независимо от оценок, которые дают истории современники. Эта увлекательная историческая повесть, построенная на реальных событиях, будет интересна всем, кто не мыслит будущее России без ее прошлого.
|
| 600 |
|
0 |
|a Дмитрий Иванович Донской
|c великий князь Владимирский и Московский из династии Рюриковичей
|f 1350-1389
|c князь Новгородский
|2 stltpush
|3 (RuTPU)RU\TPU\pers\9952
|
| 606 |
1 |
|
|a Россия
|x История
|z 13-15 вв.
|2 stltpush
|3 (RuTPU)RU\TPU\subj\65083
|9 81711
|
| 610 |
1 |
|
|a 14 век
|
| 610 |
1 |
|
|a Россия
|
| 610 |
1 |
|
|a история России
|
| 610 |
1 |
|
|a государственные деятели
|
| 610 |
1 |
|
|a татаро-монгольское иго
|
| 610 |
1 |
|
|a Золотая Орда
|
| 686 |
|
|
|a Т3(2)42
|v LBC/SL-A
|2 rubbk
|
| 700 |
|
1 |
|a Ахматнуров
|b С. С.
|g Сабит Садыкович
|
| 801 |
|
1 |
|a RU
|b 63413507
|c 20110124
|
| 801 |
|
2 |
|a RU
|b 63413507
|c 20110614
|g RCR
|
| 942 |
|
|
|c BK
|
| 959 |
|
|
|a 9/20110124
|d 1
|e 210,00
|f ЧЗГЛ:1
|